| 000 | 00470ntaaa2200169 4500 | ||
|---|---|---|---|
| 003 | 01 | ||
| 005 | 20251027201158.0 | ||
| 008 | 0714s1973 ag 01 | ||
| 040 |
_aAR-BaBN _bspa _cAR-BaBN _eaacr _dRIC |
||
| 082 | _a220.2 B94ba | ||
| 100 |
_aBurroughsk, P. E. _99633 |
||
| 245 |
_aBosquejo de historia sagrada, libro del alumno No. 1. / _cP. E. Burroughsk |
||
| 250 | _a1 ed. | ||
| 260 |
_aEl Paso : _bCasa Bautista de Publicaciones, _c1968 |
||
| 300 | _a22 p. | ||
| 942 | _cBK | ||
| 999 |
_c6077 _d6077 |
||